[Event "FRM-ch op 19th"]
[Site "Struga"]
[Date "2010.07.20"]
[Round "4"]
[White "Organdziev, Oliver"]
[Black "Stojanovski, Kire"]
[Result "1-0"]
[WhiteElo "2307"]
[BlackElo "2125"]
[PlyCount "61"]
[EventDate "2010.07.18"]
[EventType "swiss"]
[EventRounds "9"]
[EventCountry "MKD"]
[SourceTitle "CBM 137 Extra"]
[Source "ChessBase"]
[SourceDate "2010.09.01"]
[SourceVersion "1"]
[SourceVersionDate "2010.09.01"]
[SourceQuality "1"]

1. e4 e5 2. Nf3 Nc6 3. Bb5 a6 4. Ba4 Nf6 5. 0-0 b5 6. Bb3 Bb7 7. d3 Be7 8. a4 d6 9. Bg5 0-0 10. Nc3 Na7 11. axb5 axb5 12. Ne2 Nc6 13. Ng3 Nd7 14. Be3 Na5 15. Ba2 g6 16. Bh6 Re8 17. Qd2 Nc6 18. Ng5 Bxg5 19. Bxg5 Qc8 20. f4 Nd8 21. f5 d5 22. fxg6 fxg6 23. exd5 Nf8 24. Ne4 Nd7 25. Bb3 Rxa1 26. Rxa1 Nf7 27. d6 Bxe4 28. dxe4 Kg7 29. Bxf7 Kxf7 30. Ra7 c6 31. Rc7 1-0